| 000 | 00666nam a2200193Ia 4500 | ||
|---|---|---|---|
| 003 | GCL | ||
| 008 | 140319s9999 xx 000 0 ara d | ||
| 040 |
_aGCL / _cGCL |
||
| 082 | 0 | 4 |
_a214.3 _bع ع |
| 100 | 1 | _aعبدالحميد محمد عبدالعزيز | |
| 245 | 1 | 0 |
_aالعلاقات الزوجية والحياة الاسرية من منظور طبى اسلامى / _cعبدالحميد محمد عبدالعزيز |
| 300 | _a147 ص | ||
| 490 |
_aسلسلة كتاب الاسرة _v0 |
||
| 650 | 0 | 4 | _aالاسلام |
| 650 | 0 | 4 | _aالاسرة |
| 650 | 0 | 4 | _aالثقافة الاسلامية |
| 650 | 0 | 4 | _aالعلاقات الزوجية |
| 942 |
_2ddc _cBK |
||
| 999 |
_c49507 _d49507 |
||